La lección de tango = The Tango Lesson /

Una productora de cine, impactada por un importante bailarín argentino, le propone un papel en su siguiente película a cambio de que él le enseñe a bailar tango. Ambientada en París y en Buenos Aires, inician una relación amorosa que mostrará que, a pesar de los vínculos creativos y espirituales que...

Descripción completa

Guardado en:
Detalles Bibliográficos
Autor principal: Potter, Sally (realización)
Otros autores: Potter, Sally (guión) (guión), Müller, Robby (fotógrafo) (fotógrafo), Schneid, Hervé (montaje) (montaje), Frith, Fred (música) (música), Potter, Sally (música) (música), Potter, Sally (actuación) (actuación), Verón, Pablo (actuación) (actuación), Maugran, Morgane (actuación) (actuación)
Formato: Audiovisual
Idioma:Inglés
Temas:
Etiquetas: Agrega una etiqueta
Sin etiquetas, Sé el primero en etiquetar este registro!

MARC

LEADER 00000ngm^a2200000^a^4500
001 000092754
005 20250521000000.0
009 20260310092735.231
037 |a Acervo ITESO - Biblioteca 
041 |a ING 
082 |a 820.  |b POT 
100 |a Potter, Sally  |e (realización) 
240 1 4 |a [La lección de tango] 
245 1 3 |a La lección de tango =  |b The Tango Lesson /  |c Realización de S. Potter. 
264 |a Inglaterra :  |a Francia :  |a Argentina :  |b Adventure Films :  |b OKCK Fims :  |b PIE,  |c 1997 
264 |a México :  |b Videomax [distribución],  |c 1997 
300 |a 1 videocasete VHS  |c (105 min.) 
336 |a imagen móvil bidimensional  |b tdi  |2 rdacontenido 
337 |a video  |b v  |2 rdamedio 
338 |a videocasete  |b vf  |2 rdasoporte 
520 |a Una productora de cine, impactada por un importante bailarín argentino, le propone un papel en su siguiente película a cambio de que él le enseñe a bailar tango. Ambientada en París y en Buenos Aires, inician una relación amorosa que mostrará que, a pesar de los vínculos creativos y espirituales que existen entre ellos, cada uno busca algo diferente en el otro. 
546 |a En español, francés e inglés, con subtítulos en español 
586 |a Festival Internacional de Cine de Mar del Plata (13°: 1997): Premio a la Mejor Película 
649 |a XX 
650 |a Dramas Cinematográficos 
650 |a Cine Inglés -  |y 1990-1999 
650 |a Cine Inglés -  |y Siglo XX 
650 |a Identidad Personal en el Cine 
650 |a Amor en el Cine 
650 |a Relaciones de Pareja 
650 |a Erotismo en el Cine 
650 |a Roles de Género en el Cine 
650 |a Feminismo en el Cine 
650 |a Tango en el Cine 
650 |a Danza en el Cine 
650 |a Inspiración (Arte) 
650 |a Creación (Literaria, Artística, etc.) 
700 |a Potter, Sally  |e (guión) 
700 |a Müller, Robby  |e (fotógrafo) 
700 |a Schneid, Hervé  |e (montaje) 
700 |a Frith, Fred  |e (música) 
700 |a Potter, Sally  |e (música) 
700 |a Potter, Sally  |e (actuación) 
700 |a Verón, Pablo  |e (actuación) 
700 |a Maugran, Morgane  |e (actuación) 
910 |a Fondo General 
920 |a Audiovisuales - Videocasetes 
940 |a Películas 
905 |a 301 
901 |a 0500024291  |b IT2  |c VIS  |u 20250521 
902 |a https://opac.biblio.iteso.mx/vufind/Record/000092754